Hirohito - Statistics

General Stats
  • This quiz has been taken 71 times
  • The average score is 3 of 18
Answer Stats
Question Answer % Correct
What country was Hirohito the Emperor of? Japan
100%
What countries was he allied with during World War Two? Germany
74%
Italy
71%
Hirohito allegedly had little influence over what? The Military
28%
What did Hirohito die of? Cancer
17%
What did Hirohito have an interest in? Marine Biology
7%
What did Japan become in 1947? Constitutional Monarchy
5%
what docoment invested the Emperor with supreme authority? Meiji Constitution
3%
What was his wife's name? Nagako
3%
Hirohito was the first Japanese Crown Prince to do what? Travel Abroad
3%
Hirohito learned of the bombing of Hiroshima how long after the fact? 12 hours
2%
Hirohitos role in the war remains what? Controversial
2%
After World War Two Hirohito avoided what? Accountability
0%
In Japan, Hirohito has been posthumously known as what? Emperor Showa
0%
After the bombing of Hiroshma and Nagasaki, what precedent did Hirohito break? Imperial Silence
0%
Before Japan's surrender, the Emperor was considered to be what? Semi-divine
0%
How long was Hirohito on the throne for? Sixty two years
0%
What did he supposeldy have misigivings about? War with the USA
0%
No matching quizzes found
Score Distribution
Percent of People with Each Score
Percentile by Number Answered
Your Score History
You have not taken this quiz